LEADER 00841nam a2200217 i 4500 001 000000141265 003 CaOOAMICUS 005 20050713000000.0 008 050713s1930 it u000 u ita u 013 $a115631 040 $aSeMil$bita 100 1 $aMontanari, Primo.$0(OLS)http://semarc/name/10255 245 10$aSaggio metafisico /$cPrimo Montanari. 260 $aFirenze :$bLibreria editrice fiorentina,$c1930. 300 $a38 p. ;$c18 cm. 500 $aIn prel. : Dedica autogr. dell'Autore al Card. Schuster. 650 4$aMetafisica.$0(OLS)http://semarc/subject/188 850 $aSeMil 852 $aSeMil$W1$xVenegono$y1$m2R II 127$j94510$B94510$CSeMilBibl$Z2$F100212 $81 996 $6245$aSaggio metafisico$9(OLS)http://semarc/title/206420 996 $6260$aFirenze :$bLibreria editrice fiorentina$9(OLS)http://semarc/publisher/29690 LEADER 00870nam a2200205 i 4500 001 000000187839 003 CaOOAMICUS 005 20100324000000.0 008 100324s1930 sz u000 u ger u 013 $a165963 040 $aSeMil$bita 100 1 $aSegmüller, Fridolin,$c.$0(OLS)http://semarc/name/17563 245 14$aDas Päpstliche Kollegium Papio in Ascona /$cvon Fridolin Segmüller. 260 $aFreiburg (Schweiz) :$bSt. Paulus-Druckerei,$c1930. 300 $a214 p. ;$c23 cm. 650 4$aAscona - Collegio Papio.$0(OLS)http://semarc/subject/7251 850 $aSeMil 852 $aSeMil$W1$xVenegono$y1$m3G IV 54$j138526$B138526$CSeMilBibl$Z2$F149985 $81 996 $6245$aDas Päpstliche Kollegium Papio in Ascona$9(OLS)http://semarc/title/270261 996 $6260$aFreiburg (Schweiz) :$bSt. Paulus-Druckerei$9(OLS)http://semarc/publisher/50041